Metaevaluacin̤ de programas de la SAGARPA dirigidos a productos agrc̕olas bs̀icos Resultados generales

Bibliographic Details
Format: eBook
Language:Spanish
Published: Ciudad de Mx̌ico: Cm̀ara de Diputados, 2007
Subjects:
Online Access:Acceso restringido

MARC

LEADER 00000nam a22000007a 4500
005 20170822234759.0
007 cr|||| ||||
008 170822s2007 mx |||||s||||f00||0 spa d
035 |a 20425 
040 |a vLex 
090 |c 6840  |d 6840 
245 0 0 |a Metaevaluacin̤ de programas de la SAGARPA dirigidos a productos agrc̕olas bs̀icos  |h [Recurso electrn̤ico] :  |b Resultados generales 
256 |a Servicio en ln̕ea 
260 |a Ciudad de Mx̌ico:  |b Cm̀ara de Diputados,  |c 2007 
300 |a 1 recurso electrn̤ico 
506 1 |a Disponible solo en los productos indicados  |d vLex Global  |d vLex Global (Academic Edition, excluding Law Schools)  |d vLex Global (U.S. Academic Edition, Law Schools)  |d vLex Global (U.S. Academic Edition, excluding Law Schools)  |d vLex Global (Academic Edition, Law Schools) 
650 0 4 |a Derecho Mercantil y de la Empresa  |z Mx̌ico 
650 0 4 |a Derecho Pb︢lico y Administrativo  |z Mx̌ico 
740 0 |a vLex Libros (Servicio en ln̕ea) 
856 4 0 |u http://vlex.com/source/metaevaluacion-de-programas-de-la-sagarpa-dirigidos-a-productos-agricolas-basicos-resultados-generales-20425  |z Acceso restringido 
942 |c BOOK 
999 0 |a Commercial and Company Law 
999 0 |a Public and Administrative Law